The golden age of Tutankhamun : (Record no. 9248)
[ view plain ]
| 000 -LEADER | |
|---|---|
| fixed length control field | 01196nac a22003131i 4500 |
| 003 - CONTROL NUMBER IDENTIFIER | |
| control field | EG-ScBUE |
| 005 - DATE AND TIME OF LATEST TRANSACTION | |
| control field | 20240526094446.0 |
| 008 - FIXED-LENGTH DATA ELEMENTS--GENERAL INFORMATION | |
| fixed length control field | 240526s2004 ua a f b 000 0 eng d |
| 020 ## - INTERNATIONAL STANDARD BOOK NUMBER | |
| International Standard Book Number | 9774248368 |
| 035 ## - SYSTEM CONTROL NUMBER | |
| System control number | (OCoLC)ocm56358390 |
| 040 ## - CATALOGING SOURCE | |
| Original cataloging agency | EG-ScBUE |
| Language of cataloging | eng |
| Description conventions | rda |
| Transcribing agency | EG-ScBUE |
| Modifying agency | EG-ScBUE |
| 082 04 - DEWEY DECIMAL CLASSIFICATION NUMBER | |
| Classification number | 932.014 |
| Item number | HAW |
| Edition number | 22 |
| 100 1# - MAIN ENTRY--PERSONAL NAME | |
| Personal name | Hawass, Zahi A., |
| Relator term | author. |
| 245 14 - TITLE STATEMENT | |
| Title | The golden age of Tutankhamun : |
| Remainder of title | divine might and splendor in the New Kingdom / |
| Statement of responsibility, etc | Zahi Hawass. |
| 246 30 - VARYING FORM OF TITLE | |
| Title proper/short title | Divine might and splendor in the New Kingdom |
| 264 #1 - PUBLICATION, DISTRIBUTION, ETC. (IMPRINT) | |
| Place of publication, distribution, etc | Cairo ; |
| -- | New York : |
| Name of publisher, distributor, etc | American University in Cairo Press, |
| Date of publication, distribution, etc | 2004. |
| 300 ## - PHYSICAL DESCRIPTION | |
| Extent | 162, [4] pages : |
| Other physical details | illustrations (some color) ; |
| Dimensions | 29 cm |
| 336 ## - CONTENT TYPE | |
| Source | rdacontent |
| Content type term | text |
| Content type code | txt |
| 337 ## - MEDIA TYPE | |
| Media type term | unmediated |
| Source | rdamedia |
| Media type code | n |
| 338 ## - CARRIER TYPE | |
| Carrier type term | volume |
| Carrier type code | nc |
| Source | rdacarrier |
| 504 ## - BIBLIOGRAPHY, ETC. NOTE | |
| Bibliography, etc | Includes bibliographical references. |
| 600 07 - SUBJECT ADDED ENTRY--PERSONAL NAME | |
| Personal name | Tutankhamen. |
| Source of heading or term | BUEsh |
| 600 07 - SUBJECT ADDED ENTRY--PERSONAL NAME | |
| Personal name | Tutankhamen, |
| General subdivision | Tomb. |
| Source of heading or term | BUEsh |
| 651 #7 - SUBJECT ADDED ENTRY--GEOGRAPHIC NAME | |
| Geographic name | Egypt |
| General subdivision | History |
| Chronological subdivision | New Kingdom, ca. 1550-ca. 1070 B.C. |
| Source of heading or term | BUEsh |
| 651 #7 - SUBJECT ADDED ENTRY--GEOGRAPHIC NAME | |
| Geographic name | Egypt |
| General subdivision | Antiquities. |
| Source of heading or term | BUEsh |
| 655 ## - INDEX TERM--GENRE/FORM | |
| Form subdivision | Reading book |
| 856 41 - ELECTRONIC LOCATION AND ACCESS | |
| Materials specified | Table of contents only |
| Uniform Resource Identifier | <a href="http://www.loc.gov/catdir/toc/fy0608/2005357445.html">http://www.loc.gov/catdir/toc/fy0608/2005357445.html</a> |
| 942 ## - ADDED ENTRY ELEMENTS (KOHA) | |
| Koha item type | Book - Borrowing |
| Source of classification or shelving scheme | Dewey Decimal Classification |
| Withdrawn status | Lost status | Source of classification or shelving scheme | Damaged status | Not for loan | Collection code | Home library | Current library | Shelving location | Date acquired | Source of acquisition | Total Checkouts | Full call number | Barcode | Date last seen | Price effective from | Koha item type |
|---|---|---|---|---|---|---|---|---|---|---|---|---|---|---|---|---|
| Dewey Decimal Classification | Alahram | Central Library | Central Library | Second Floor | 23/04/2008 | Purchase | 932.014 HAW | 000011330 | 15/07/2025 | 23/04/2008 | Book - Borrowing |